1793 1415 1040 1247 1609 1921 1867 1172 1662 1780 1407 1014 1083 1913 1131 1640 1005 1882 1616 1274 1043 1959 1098 1961 1641 1452 1925 1373 1747 1522 1132 1804 1216 1184 1813 1057 1653 1765 1147 1512 1465 1836 1431 1398 1493 1056 1081 1763 1545 1129 1406 1212 1202 1811 1703 1136 1286 1559 1180 1895 1877 1298 1812 1255 1009 1713 1571 1475 1904 1122 1608 1776 1230 1612 1290 1084 1459 1124 1444 1626 1765 1870 1265 1108 1630 1776 1489 1133 1885 1131 1252 1342 1597 1982 1847 1494 1947 1946 1708 BCNSPRNW ULIB Ver.6.0+V

เปลี่ยนเป็นภาษาไทย

Change to English
 แสดงรายละเอียดบรรณานุกรม
  กลับหน้าหลัก

Brief Record : Get Marc (ISO 2709) : E-mail record : QR code < ปิดหน้าต่าง
LEADER : 00000nam 2200000uu 4500
001    13399114192
003     ULIB
008    120301s2554||||th 000 0 tha d
020    ^a9749261356
060 04 ^aQV55^bป446ค
100 0  ^aปราณี ทู้ไพเราะ
245 10 ^aคู่มือยา =^bHandbook of drugs /^cปราณี ทู้ไพเราะ
246 31 ^aHandbook of drugs
250    ^aพิมพ์ครั้งที่ 12
260    ^aกรุงเทพฯ :^bภาควิชาการพยาบาลอายุรศาสตร์ คณะพยาบาลศาสตร์มหาวิทยาลัยมหิดล,^c2554
300    ^a482 หน้า ;^c21 ซม.
504    ^aมีบรรณานุกรมและดรรชนี
650  7 ^aเภสัชวิทยา
650  7 ^aยา^xคู่มือ
710 2  ^aมหาวิทยาลัยมหิดล. ^bคณะพยาบาลศาสตร์.^bภาควิชาการพยาบาลอายุรศาสตร์
945    ^p350^l0^i18824
945    ^p350^l0^i18825
945    ^p350^l0^i19292
995    ^aกัณชพร
999    ^aใช้งานได้ทุกระบบ
รายการนี้ยังไม่มีแท็ก
คุณยังไม่ได้ล็อกอิน คุณสามารถมีกิจกรรมร่วมกับเว็บไซต์ได้ แต่ต้องล็อกอินก่อน ::
  ล็อกอิน

รายการสื่อสารสนเทศ

ลำดับที่ ประเภท เลขเรียก/บาร์โค้ด สถานที่ สถานะ
1. วิทยาศาสตร์การแพทย์ และสุขภาพ
วิทยาศาสตร์การแพทย์ และสุขภาพ
สถานะ=หนังสือเก่า
QV55 ป446ค  
  Barcode: 18824
ห้องสมุดวิทยาเขตนครสวรรค์
►ส่วนจัดเก็บหนังสือเก่า นว.
บนชั้น
  ขอยืม
2. วิทยาศาสตร์การแพทย์ และสุขภาพ
วิทยาศาสตร์การแพทย์ และสุขภาพ
สถานะ=หนังสือเก่า
QV55 ป446ค ฉ.2 
  Barcode: 18825
ห้องสมุดวิทยาเขตนครสวรรค์
►ส่วนจัดเก็บหนังสือเก่า นว.
บนชั้น
  ขอยืม

รายการใกล้เคียง
    ผู้แต่ง [ปราณี ทู้ไพเราะ]

    หัวเรื่อง [เภสัชวิทยา]

BibComment


ยังไม่เคยถูกคอมเมนท์

คอมเมนท์ทรัพยากรรายการนี้
  คอมเมนท์: คู่มือยา Handbo..


 Copyright 2026. Bcnsprnw @Library